<?xml version="1.0" encoding="UTF-8"?>
<record
    xmlns:xsi="http://www.w3.org/2001/XMLSchema-instance"
    xsi:schemaLocation="http://www.loc.gov/MARC21/slim http://www.loc.gov/standards/marcxml/schema/MARC21slim.xsd"
    xmlns="http://www.loc.gov/MARC21/slim">

  <leader>03803cam a22003615a 4500</leader>
  <datafield tag="999" ind1=" " ind2=" ">
    <subfield code="c">27508</subfield>
    <subfield code="d">27479</subfield>
  </datafield>
  <controlfield tag="001">ssj0001986244</controlfield>
  <controlfield tag="003">EG-ScBUE</controlfield>
  <controlfield tag="005">20190602091145.0</controlfield>
  <controlfield tag="008">180223s2018    sz a   fr     000 0 eng d</controlfield>
  <datafield tag="020" ind1=" " ind2=" ">
    <subfield code="a">9783319699318 (print)</subfield>
  </datafield>
  <datafield tag="040" ind1=" " ind2=" ">
    <subfield code="a">WaSeSS</subfield>
    <subfield code="b">eng</subfield>
    <subfield code="c">WaSeSS</subfield>
    <subfield code="d">WaSeSS</subfield>
    <subfield code="d">EG-ScBUE</subfield>
  </datafield>
  <datafield tag="082" ind1="0" ind2="4">
    <subfield code="a">006.8</subfield>
    <subfield code="b">AUG</subfield>
    <subfield code="2">22</subfield>
  </datafield>
  <datafield tag="245" ind1="0" ind2="0">
    <subfield code="a">Augmented reality art :</subfield>
    <subfield code="b">from an emerging technology to a novel creative medium /</subfield>
    <subfield code="c">edited by Vladimir Geroimenko.</subfield>
  </datafield>
  <datafield tag="250" ind1=" " ind2=" ">
    <subfield code="a">2nd ed.</subfield>
  </datafield>
  <datafield tag="260" ind1=" " ind2=" ">
    <subfield code="a">Cham :</subfield>
    <subfield code="b">Springer International Publishing :</subfield>
    <subfield code="c">c.2018.</subfield>
  </datafield>
  <datafield tag="300" ind1=" " ind2=" ">
    <subfield code="a">xxii, 384 p. :</subfield>
    <subfield code="b">ill. (col.) ;</subfield>
    <subfield code="c">24 cm.</subfield>
  </datafield>
  <datafield tag="490" ind1="1" ind2=" ">
    <subfield code="a">Springer Series on Cultural Computing,</subfield>
    <subfield code="x">2195-9056</subfield>
  </datafield>
  <datafield tag="505" ind1="0" ind2=" ">
    <subfield code="a">Part I: Emerging Augmented Reality Technology and the Birth of Augmented Reality Art -- Augmented Reality Activism -- Critical Interventions into Canonical Spaces: Augmented Reality at the 2011 Venice and Istanbul Biennials -- ART for Art: Augmented Reality Taxonomy for Art and Cultural Heritage -- Beyond the Virtual Public Square: Ubiquitous Computing and the New Politics of Well-Being -- Augmented Interventions: Redefining Urban Interventions with AR and Open Data -- Part II: Augmented Reality as a Novel Artistic Medium -- The Aesthetics of Liminality: Augmentation as an Art Form -- Augmented Reality in Art: Aesthetics and Material for Expression -- Digital Borders and the Virtual Gallery -- Immersive Art in Augmented Reality -- Skin to Skin: Performing Augmented Reality -- Augmented Reality Painting and Sculpture: From Experimental Artworks to Art for Sale -- Augmented Reality Graffiti and Street Art -- Part III: Cultural, Social, Spatial and Cognitive Facets of Augmented Reality Art -- Why We Might Augment Reality: Art&#x2019;s Role in the Development of Cognition -- Augmenting Wilderness: Points of Interest in Pre-Connected Worlds -- An Emotional Compass: Emotions on Social Networks and a New Experience of Cities -- A Fractal Augmentation of the Archaeological Record: The Time Maps Project -- Wearable Apocalypses: Enabling Technologies for Aspiring Destroyers of Worlds -- Part IV: Living, Acting and Expressing Yourself in Augmented Worlds -- User Engagement Continuum: Art Engagement and Exploration with Augmented Reality -- Living and Acting in Augmented Words: How Be Your Own Robot? -- Post-Human Narrativity and Expressive Sites: Mobile Art as Software Assemblage Really Fake or Faking Reality? The Riot Grrrls Project -- Concluding Remarks: Today's Vision of an Art Form of the Future. .</subfield>
  </datafield>
  <datafield tag="520" ind1=" " ind2=" ">
    <subfield code="a">This is the second edition of the first ever book to explore the exciting new field of augmented reality art and its enabling technologies. The new edition has been thoroughly revised and updated, and contains 5 new chapters. As well as investigating augmented reality as a novel artistic medium the book covers cultural, social, spatial and cognitive facets of augmented reality art. Intended as a starting point for exploring this new fascinating area of research and creative practice it will be essential reading not only for artists, researchers and technology developers, but also for students (graduates and undergraduates) and all those interested in emerging augmented reality technology and its current and future applications in art.</subfield>
  </datafield>
  <datafield tag="541" ind1=" " ind2=" ">
    <subfield code="a">Vladimir Geroimenko ;</subfield>
  </datafield>
  <datafield tag="650" ind1=" " ind2="7">
    <subfield code="a">Computer science.</subfield>
    <subfield code="2">BUEsh</subfield>
  </datafield>
  <datafield tag="650" ind1=" " ind2="7">
    <subfield code="a">Augmented reality.</subfield>
    <subfield code="2">BUEsh</subfield>
  </datafield>
  <datafield tag="650" ind1=" " ind2="7">
    <subfield code="a">Computer art.</subfield>
    <subfield code="2">BUEsh</subfield>
    <subfield code="9">39884</subfield>
  </datafield>
  <datafield tag="650" ind1=" " ind2="7">
    <subfield code="a">User interfaces (Computer systems).</subfield>
    <subfield code="2">BUEsh</subfield>
  </datafield>
  <datafield tag="650" ind1=" " ind2="7">
    <subfield code="a">Computer graphics.</subfield>
    <subfield code="2">BUEsh</subfield>
  </datafield>
  <datafield tag="650" ind1=" " ind2="7">
    <subfield code="a">Application software.</subfield>
    <subfield code="2">BUEsh</subfield>
    <subfield code="9">18314</subfield>
  </datafield>
  <datafield tag="650" ind1=" " ind2="7">
    <subfield code="a">Computers and civilization.</subfield>
    <subfield code="2">BUEsh</subfield>
    <subfield code="9">34985</subfield>
  </datafield>
  <datafield tag="650" ind1=" " ind2="7">
    <subfield code="a">Multimedia systems.</subfield>
    <subfield code="2">BUEsh</subfield>
  </datafield>
  <datafield tag="651" ind1=" " ind2=" ">
    <subfield code="2">BUEsh</subfield>
  </datafield>
  <datafield tag="653" ind1=" " ind2=" ">
    <subfield code="b">COMSCI</subfield>
    <subfield code="c">May2019</subfield>
  </datafield>
  <datafield tag="700" ind1="1" ind2=" ">
    <subfield code="a">Geroimenko, Vladimir,</subfield>
    <subfield code="e">editor.</subfield>
  </datafield>
  <datafield tag="942" ind1=" " ind2=" ">
    <subfield code="2">ddc</subfield>
  </datafield>
  <datafield tag="952" ind1=" " ind2=" ">
    <subfield code="0">0</subfield>
    <subfield code="1">0</subfield>
    <subfield code="2">ddc</subfield>
    <subfield code="4">0</subfield>
    <subfield code="7">0</subfield>
    <subfield code="8">Donation-G</subfield>
    <subfield code="a">MAIN</subfield>
    <subfield code="b">MAIN</subfield>
    <subfield code="c">1ST</subfield>
    <subfield code="d">2019-06-02</subfield>
    <subfield code="e">Donation</subfield>
    <subfield code="l">0</subfield>
    <subfield code="o">006.8 AUG</subfield>
    <subfield code="p">000047903</subfield>
    <subfield code="r">2022-08-24 00:00:00</subfield>
    <subfield code="y">BB</subfield>
  </datafield>
</record>
